<?xml version="1.0" encoding="UTF-8"?>
<collection xmlns="http://www.loc.gov/MARC21/slim">
 <record>
  <leader>01907nam a2200217Ia 4500</leader>
  <controlfield tag="001">CTU_133231</controlfield>
  <controlfield tag="008">210402s9999    xx            000 0 und d</controlfield>
  <datafield tag="020" ind1=" " ind2=" ">
   <subfield code="c">527000</subfield>
  </datafield>
  <datafield tag="082" ind1=" " ind2=" ">
   <subfield code="a">658</subfield>
  </datafield>
  <datafield tag="082" ind1=" " ind2=" ">
   <subfield code="b">G633</subfield>
  </datafield>
  <datafield tag="100" ind1=" " ind2=" ">
   <subfield code="a">Gomez-Mejia, Luis R.</subfield>
  </datafield>
  <datafield tag="245" ind1=" " ind2="0">
   <subfield code="a">Management :</subfield>
  </datafield>
  <datafield tag="245" ind1=" " ind2="0">
   <subfield code="b">People, performance, change</subfield>
  </datafield>
  <datafield tag="245" ind1=" " ind2="0">
   <subfield code="c">Luis R. Gomez-Mejia, David B. Balkin, Robert L. Cardy</subfield>
  </datafield>
  <datafield tag="260" ind1=" " ind2=" ">
   <subfield code="a">Boston</subfield>
  </datafield>
  <datafield tag="260" ind1=" " ind2=" ">
   <subfield code="b">McGraw-Hill Irwin</subfield>
  </datafield>
  <datafield tag="260" ind1=" " ind2=" ">
   <subfield code="c">2008</subfield>
  </datafield>
  <datafield tag="520" ind1=" " ind2=" ">
   <subfield code="a">&quot;Management 3rd Edition&quot;, by Gomez-Mejia, Balkin, and Cardy, is an exciting new take on principles of management. Ask your incoming students what &quot;management&quot; is, and they'll talk about the kind of management they know from their own work experience. Managers assign people their hours, they give raises or promotions, they tell people what job to do - the manager, in other words, is &quot;the boss&quot;. In most other work settings, however, management means something far more important and complex. In addition to people, managers also manage performance, processes, relationships, and more increasingly in today's world, deal with the pressure and flux of constant change.This, coupled with the fact that workplaces have steadily become less hierarchical and more team - and group-driven, means the traditional responsibilities of the manager have gradually been dispersed throughout the organization. Students preparing to work in today's business environment may not start in a corner office with an assistant, but they still need to think like managers and understand the strategic goals of the organization. &quot;Management 3rd Edition&quot;, prepares your students to join a new kind of workplace, one where management is everyone's business and provides many in-text and online applications to emphasize this approach.</subfield>
  </datafield>
  <datafield tag="650" ind1=" " ind2=" ">
   <subfield code="a">Management,Quản lý</subfield>
  </datafield>
  <datafield tag="904" ind1=" " ind2=" ">
   <subfield code="i">Trọng Hiếu</subfield>
  </datafield>
  <datafield tag="980" ind1=" " ind2=" ">
   <subfield code="a">Trung tâm Học liệu Trường Đại học Cần Thơ</subfield>
  </datafield>
 </record>
</collection>
